Materials Science For Electronics Engineers (Record no. 217422)

MARC details
000 -LEADER
fixed length control field 00452nam a2200181Ia 4500
008 - FIXED-LENGTH DATA ELEMENTS--GENERAL INFORMATION
fixed length control field 240823s9999||||xx |||||||||||||| ||und||
020 ## - INTERNATIONAL STANDARD BOOK NUMBER
International Standard Book Number 81 88429 74 0
082 ## - DEWEY DECIMAL CLASSIFICATION NUMBER
-- 621.3028 P8
100 ## - MAIN ENTRY--PERSONAL NAME
Personal name Palanisamy P K
245 #0 - TITLE STATEMENT
Title Materials Science For Electronics Engineers
250 ## - EDITION STATEMENT
Edition statement 1st
260 ## - PUBLICATION, DISTRIBUTION, ETC. (IMPRINT)
Date of publication, distribution, etc 2008
Name of publisher, distributor, etc "Scitech,Ch"
500 ## - GENERAL NOTE
General note YES
650 ## - SUBJECT ADDED ENTRY--TOPICAL TERM
Topical term or geographic name as entry element Materials Science
942 ## - ADDED ENTRY ELEMENTS (KOHA)
Item type Books
Holdings
Withdrawn status Lost status Damaged status Permanent location Current location Date acquired Source of acquisition Cost, normal purchase price Full call number Barcode Date last seen Koha item type
      CENTRAL LIBRARY, NOORUL ISLAM CENTRE FOR HIGHER EDUCATION CENTRAL LIBRARY, NOORUL ISLAM CENTRE FOR HIGHER EDUCATION 01/27/2014 TBH Library Book Suppliers 300.00 621.3028 P8 66941 08/23/2024 Books
Visitors:
Copyright © 2024 Central Library NICHE.  All rights reserved.